Sports marketing; Актуальные проблемы гуманитарных наук

Detalhes bibliográficos
Parent link:Актуальные проблемы гуманитарных наук.— 2013.— [С. 31-33]
Autor principal: Eryomkina O. V.
Outros Autores: Volkova N. V.
Resumo:Заглавие с экрана
Idioma:inglês
Publicado em: 2013
Colecção:Связи с общественностью и реклама
Assuntos:
Acesso em linha:http://www.lib.tpu.ru/fulltext/c/2013/C20/017.pdf
Formato: Recurso Electrónico Capítulo de Livro
KOHA link:https://koha.lib.tpu.ru/cgi-bin/koha/opac-detail.pl?biblionumber=239629

MARC

LEADER 00000naa2a2200000 4500
001 239629
005 20251208111113.0
035 |a (RuTPU)RU\TPU\book\260854 
035 |a RU\TPU\book\260845 
090 |a 239629 
100 |a 20130611d2013 k y0rusy50 ba 
101 0 |a eng 
102 |a RU 
135 |a drcn ---uucaa 
200 1 |a Sports marketing  |f O. V. Eryomkina, N. V. Volkova 
203 |a Text  |c electronic 
215 |a 1 файл(147 Кб) 
225 1 |a Связи с общественностью и реклама 
300 |a Заглавие с экрана 
320 |a [Библиогр.: с. 33 (5 назв.)] 
337 |a Adobe Reader 
463 1 |0 (RuTPU)RU\TPU\book\259431  |t Актуальные проблемы гуманитарных наук  |o сборник научных трудов ХII Международной научно-практической конференции студентов, аспирантов и молодых ученых 3-6 апреля 2013 г., г. Томск  |f Национальный исследовательский Томский политехнический университет (ТПУ)  |v [С. 31-33]  |d 2013 
610 1 |a электронный ресурс 
610 1 |a труды учёных ТПУ 
700 1 |a Eryomkina  |b O. V. 
701 1 |a Volkova  |b N. V. 
801 1 |a RU  |b 63413507  |c 20101016 
801 2 |a RU  |b 63413507  |c 20130618  |g RCR 
856 4 |u http://www.lib.tpu.ru/fulltext/c/2013/C20/017.pdf 
942 |c CF